कैक्टस के फूल (Record no. 168215)

MARC details
000 -LEADER
fixed length control field 00444nam a2200145Ia 4500
008 - FIXED-LENGTH DATA ELEMENTS--GENERAL INFORMATION
fixed length control field 230917s9999||||xx |||||||||||||| ||und||
040 ## - CATALOGING SOURCE
-- 242635
Original cataloging agency VIVEKANANDA LIBRARY
041 ## - Language
-- English
082 ## - DDC NUMBER
Classification number 891.49150301751 KO115K
100 ## - MAIN ENTRY--PERSONAL NAME
Personal name कादयन, ओमप्रकाश
245 #0 - TITLE STATEMENT
Title कैक्टस के फूल
260 ## - PUBLICATION, DISTRIBUTION, ETC. (IMPRINT)
Place of publication, distribution, etc कैथल
Name of publisher, distributor, etc अक्षरधाम प्रकाशन
Date of publication, distribution, etc 2013
300 ## - PHYSICAL DESCRIPTION
Pages 88 पृ. p.
942 ## - ADDED ENTRY ELEMENTS (KOHA)
Koha item type Hindi Books
Holdings
Withdrawn status Lost status Damaged status Not for loan Location (home branch) Sublocation or collection (holding branch) Date acquired Koha issues (times borrowed) Koha full call number Accession No. Koha date last seen Koha item type
        VIVEKANANDA LIBRARY VIVEKANANDA LIBRARY 10/10/2017   891.49150301751 KO115K 312295 17/09/2023 Hindi Books
© Designed and Maintained by Vivekananda Library, MDU Rohtak